000 00723cam a2200229Mi 4500
001 92986
005 20230411090050.0
008 000101s1957 sp 000 0 spa d
035 _a(OCoLC)ocn253981015
040 _aGyGoGBV
_erakwb
_bger
_cGBVCP
024 8 _aSPKT230212
035 _a(OCoLC)253981015
049 _aGRAL
100 1 _aPrimo de Rivera, José Antonio.
245 1 0 _aDignidad humana y justicia social :
_bdiscursos y escritos /
_cJosé Antonio Primo de Rivera. Recopilaciâon de Augustín del Río Cisneros.
260 _aMadrid :
_bEd. del Movimiento,
_c1957.
300 _a290 p.
440 0 _aEdiciones del movimiento
_aSerie doctrinal
942 _2lcc
_cbk
994 _aC0
_bDRFGD
946 _aYM
999 _c111881
_d111881